Jornada olímpica 1968 : (Record no. 33123)
[ view plain ]
| 000 -CABECERA | |
|---|---|
| campo de control de longitud fija | 00702nam a2200205 a 4500 |
| 005 - FECHA Y HORA DE LA ÚLTIMA TRANSACCIÓN | |
| campo de control | 20210223122316.0 |
| 008 - ELEMENTOS DE LONGITUD FIJA--INFORMACIÓN GENERAL | |
| campo de control de longitud fija | 991125s1968 mx 000 0 spa u |
| 035 ## - NÚMERO DE CONTROL DEL SISTEMA | |
| Número de control de sistema | UPN01000033123 |
| 049 ## - COLECCIÓN | |
| Colección | CG |
| 050 #4 - SIGNATURA TOPOGRÁFICA DE LA BIBLIOTECA DEL CONGRESO | |
| Número de clasificación | GV721.5 |
| Número de documento/Ítem | A8.3 1968 |
| 100 1# - ASIENTO PRINCIPAL--NOMBRE PERSONAL | |
| Nombre de persona | Avila Garibay, José |
| 9 (RLIN) | 28865 |
| 245 10 - MENCIÓN DE TÍTULO | |
| Título | Jornada olímpica 1968 : |
| Resto del título | unidad de trabajo ilustrada para las escuelas primarias y secundarias conforme al método de jornadas / |
| Mención de responsabilidad, etc. | José Avila Garibay. |
| 250 ## - MENCIÓN DE EDICIÓN | |
| Mención de edición | 2a ed. |
| 260 ## - PUBLICACIÓN, DISTRIBUCIÓN, ETC. | |
| Lugar de publicación, distribución, etc. | México : |
| Nombre del editor, distribuidor, etc. | SNTE, |
| Fecha de publicación, distribución, etc. | 1968. |
| 300 ## - DESCRIPCIÓN FÍSICA | |
| Extensión | [68] p. : |
| Otras características físicas | il. |
| 500 ## - NOTA GENERAL | |
| Nota general | Disponible en la Colección Medina |
| 650 #4 - ASIENTO SECUNDARIO DE MATERIA - TERMINO TEMATICO | |
| Término de materia o nombre geográfico como elemento de entrada | JUEGOS OLIMPICOS - |
| Subdivisión general | HISTORIA |
| 650 #4 - ASIENTO SECUNDARIO DE MATERIA - TERMINO TEMATICO | |
| Término de materia o nombre geográfico como elemento de entrada | JUEGOS OLIMPICOS, MEXICO (CIUDAD), 1968 |
| 905 ## - TIPO DE MATERIAL | |
| Tipo de material | Libro |
| Estado de retiro | Estado de pérdida | Fuente del sistema de clasificación o colocación | Estado dañado | No para préstamo | Código de colección | Localización permanente | Ubicación/localización actual | Ubicación en estantería | Total de préstamos | Clasificación | Código de barras | Fecha visto por última vez | Número de copia | Tipo de ítem Koha | Fecha de adquisición |
|---|---|---|---|---|---|---|---|---|---|---|---|---|---|---|---|
| Library of Congress Classification | Colección General | Bib. Gregorio Torres Quintero | Bib. Gregorio Torres Quintero | Planta baja | 2 | GV721.5 A8.3 1968 | 132840 | 31/12/2020 | 1 | Libro | |||||
| Library of Congress Classification | Disponible (Préstamo en sala) | Colección Medina | Bib. Gregorio Torres Quintero | Bib. Gregorio Torres Quintero | Colecciones especiales Planta alta | GV721.5 A8.3 1968 | 101577 | 31/12/2020 | 1 | Libro | 30/01/2023 |
